000 00967nam a2200205Ia 4500
001 11397
003 GE_BSU
008 181216s||||||||xx |||||||||||||| ||und||
040 _cGE_BSU
080 _a502.17(479.22-761)
245 _aსაქართველოს ნაკრძალები. შრომათა კრებული
245 _cმთ. რედ: ვ. გულისაშვილი. სარედ. კოლ. ნ. კეცხოველი, კ. მამისაშვილი. (პ./მ მდივანი) ლ. მათიკაშვილი და სხვ. მხატვ: გ. ნადირაძე
260 _aთბილისი.
260 _bმეცნიერება.
260 _c1971
300 _a268გვ.22სმ.
300 _cილ. ცხრ.
653 _aსაქართველოს ნაკრძალები. შრომათა კრებული
942 _cBK
999 _c44594
_d44594